000 08227cam a22006614i 4500
003 PE-LiUPU
005 20250731183339.0
008 150824s2014 pe a r 000 0 spa d
020 _a9786123003920
_q(cajas y bolsas)
020 _a9786123003937
_q(el arte del papel)
020 _a9786123003944
_q(bordados peruanos)
020 _a9786123003951
_q(hilorama)
020 _a9786123003968
_q(vinchas y lazos)
020 _a9786123003975
_q(repujado en metal)
020 _a9786123003982
_q(encajes franceses)
020 _a9786123004019
_q(decoración de fiestas infantiles)
020 _a9786123004002
_q(pintura con texturas y transparencias)
020 _a9786123003999
_q(muñequería)
035 _a(Sirsi) a154067
040 _aPE-LiUPU
_bspa
_cPE-LiUPU
_erda
082 0 4 _a745.5
_bO67
100 1 _aOrjeda Fernández, María Jacqueline,
_eautor.
245 1 0 _aMujer empresaria /
_cMaria Jacqueline Orjeda Fernández.
246 3 3 _aCajas y bolsas :
_bempaques personalizados
246 3 3 _aArte del papel :
_bscrapbooks para atesorar recuerdos
246 3 3 _aBordados peruanos :
_bpuntos, hilados y motivos
246 3 3 _aHilorama :
_bel arte de los hilos tensados
246 3 3 _aVinchas y lazos :
_baccesorios chic
246 3 3 _aRepujado en metal :
_baltos y bajos relieves
246 3 3 _aEncajes franceses :
_brecortes y festones
246 3 3 _aDecoración de fiestas infantiles :
_badornos, envolturas y golosinas
246 3 3 _aPintura con texturas y transparencias :
_baplicaciones decorativas
246 3 3 _aMuñequería :
_bel arte en tus manos
250 _aPrimera edición.
264 1 _aLima :
_bPunto;Coma,
_c2014
_e(Lima :
_fEmpresa Editora El Comercio).
300 _a10 tomos :
_bilustraciones ;
_c28 cm.
490 0 _aMujer empresaria
505 0 0 _tCajas y bolsas : empaques personalizados --
_aBolsa alegría -- Bolsa juvenil -- Bolsa margarita -- Bolsa primavera -- Bolsa rústica -- Bolsa tulipanes -- Bolsa universal -- Caja almohada -- Caja básica -- Caja corona -- Caja ensueño -- Caja sorpresa -- Cómo hacer un lazo -- Cómo hacer un moño --
_tEl arte del papel : scrapbooks para atesorar recuerdos --
_aÁlbum de bolsillo -- Álbum de una sola hoja -- álbum moderno -- Caja de recuerdos -- Caja de torta -- Decorativo para recién nacido -- Invitación a baby shower -- Souvenircon chocolates -- Tarjeta de bautizo -- Tarjeta de cumpleaños -- Tarjeta de graduación -- Tarjeta juvenil -- Tarjeta masculina -- Tarjeta para papá --
_tBordados peruanos : puntos, hilados y motivos --
_tBordado ayacuchano : camino de mesa aguamarina -- Bordado ayacuchano : cartera de cuerina -- Bordado ayacuchano : cojín de flores estrella -- Bordado ayacuchano : fajín -- Bordado ayacuchano : individual blanco -- Bordado ayacuchano : portacelular -- Bordado ayacuchano : portalentes -- Punto llama : cartera crema con rombos -- Punto llama : individual chacana -- Punto llama : individual chacana entrelazada -- Punto llama : individual con rombos -- Punto llama : morral marrón -- Punto llama con canvas : cartera negra -- Punto llama con canvas : cartera verde --
_tHilorama : el arte de los hilos tensados -- Cuadro corazón -- Cuadro de virgen -- Cuadro floral -- Cuadro osito -- Cuadro zapato de taco -- Tarjeta canasta con flores -- Tarjeta con estrellas -- Tarjeta con margarita y mariposa -- Tarjeta corazón con flores -- Tarjeta de navidad -- Tarjeta estrella fugaz -- Tarjeta flor dorada -- Tarjeta para mamá -- Tarjeta tulipán --
_tVinchas y lazos : accesorios chic --
_aGancho banana full color -- Ganchos mariquitas -- Lazo abeja -- Lazo fantasía -- Lazo rosa print -- Lazo tulipán -- Moño cupcake -- Moño leopardo -- Vincha de lunares de otoño -- Vincha dulce chocolate -- Vincha fiesta -- Vincha flor de loto -- Vincha ilusión -- Vincha rosa bebé --
_tRepujado en metal : altos y bajos relieves --
_aProcedimientos básicos para empezar a repujar -- Azafate para dos -- Babero souvenir para baby shower -- Caja con mandala -- Cofre con flor calada y piedra -- Cuadro con tulipanes -- Organizador con imagen de virgen -- Portafiltrantes -- Portatarjetas en decoupage -- Portarretrato con flores y bordes calados -- Portarretrato para foto panorámica -- Recuerdo del primer diente -- Retablo portavino --
_tEncajes franceses : recortes y festones --
_aBabero con falso bordado -- Centro de mesa con frutas -- Centro de mesa con hojas -- Falso richelieu -- Panera verde -- Tapete con arabescos -- Tapete con mariposa -- Tapete con mariposa multicolor -- Tapete con rosas -- Tapete fucsia -- Tapete marrón con arabescos -- Tapete negro con flores -- Tapete rojo -- Tapete rosa con arabescos --
_tDecoración de fiestas infantiles : adornos, envolturas y golosinas --
_aBolsa para sorpresas -- Brochetas con marshmallows -- Centro de mesa con súper topper -- Chupetes vestidos con papel de seda -- Collar de golosinas -- Cucharitas de chocolate -- Decoración de chocolates y botellas de agua -- Flores de marshmallows con chocolate -- Forrado de besos de moza -- Frasco con lentejitas de chocolate -- Galletas oreo bañadas con chocolate -- Topiario de bombones -- Topiario de canchita -- Tubito de ensayo con lentejitas de chocolate --
_tPintura con texturas y transparencias : aplicaciones decorativas --
_aAgenda con diseño -- Caja de accesorios con diseño precolombino -- Caja reciclada para accesorios -- Cuadro de flores juveniles -- Cuadro decorativo -- Cuadro infantil con elefante -- Cuadro navideño con caricaturas -- Cuadro navideño en la nieve -- Cuadro precolombino en alto relieve -- Lata reciclada portalapiceros -- Mariposa en caja reciclada -- Moldes tomo 1 cajas y bolsas -- Portarretrato geométrico -- Portarretrato lineal --
_tMuñequería : el arte en tus manos --
_aAngelito -- Bailarinas -- Brujitas -- Bebes -- Cocinera portasecador -- Duende soft -- Hadita -- Muñeca con cupcake -- Muñeca costurera -- Muñeca lila -- Muñeca oriental -- Muñeca para decorar el baño -- Muñeca portacosméticos -- sirenitas.
526 _aP158
526 _aP146
526 _aP17
526 _aP12
526 _aP06
541 _g002-00392;
650 1 7 _aTrabajos manuales.
_2embne
596 _a1
942 _2ddc
_cBOOK
999 _a745.5 O67 CA
_wDEWEY
_c6764
_i71873
_d6764
_e2016-10-17
_f2021-11-10
_g4
_lCCODEBUL1
_mBUL
_n1
_p3.34
_q4
_r0
_sY
_tBOOK
_u2015-8-24
_xINGENIERIA
_zUNKNOWN
_0COMPRA
_o.STAFF. Colección Ciencias Empresariales
999 _a745.5 O67 AR
_wDEWEY
_c1
_i71872
_d2020-1-23
_e2019-6-21
_f2021-11-10
_g7
_lCCODEBUL1
_mBUL
_n7
_p3.34
_q4
_r0
_sY
_tBOOK
_u2015-8-24
_xINGENIERIA
_zUNKNOWN
_0COMPRA
_o.STAFF. Colección General
999 _a745.5 O67 BO
_wDEWEY
_c1
_i71871
_d2018-9-21
_f2021-11-10
_g7
_lCCODEBUL1
_mBUL
_p3.34
_q1
_r0
_sY
_tBOOK
_u2015-8-24
_xINGENIERIA
_zUNKNOWN
_0COMPRA
_o.STAFF. Colección General
999 _a745.5 O67 HI
_wDEWEY
_c1
_i71870
_d2018-9-21
_f2021-11-10
_g7
_lCCODEBUL1
_mBUL
_p3.34
_q3
_r0
_sY
_tBOOK
_u2015-8-24
_xINGENIERIA
_zUNKNOWN
_0COMPRA
_o.STAFF. Colección General
999 _a745.5 O67 VI
_wDEWEY
_c1
_i71869
_d2019-6-23
_e2019-6-21
_f2021-11-10
_g7
_lCCODEBUL1
_mBUL
_n8
_p3.34
_q4
_r0
_sY
_tBOOK
_u2015-8-24
_xINGENIERIA
_zUNKNOWN
_0COMPRA
_o.STAFF. Colección General
999 _a745.5 O67 RE
_wDEWEY
_c1
_i71868
_d2018-9-21
_f2021-11-10
_g7
_lCCODEBUL1
_mBUL
_p3.34
_q3
_r0
_sY
_tBOOK
_u2015-8-24
_xINGENIERIA
_zUNKNOWN
_0COMPRA
_o.STAFF. Colección General
999 _a745.5 O67 EN
_wDEWEY
_c1
_i71867
_d2019-6-5
_e2019-3-18
_f2021-11-10
_g7
_lCCODEBUL1
_mBUL
_n1
_p3.34
_q2
_r0
_sY
_tBOOK
_u2015-8-24
_xINGENIERIA
_zUNKNOWN
_0COMPRA
_o.STAFF. Colección General
999 _a745.5 O67 DE
_wDEWEY
_c1
_i71874
_d2018-9-21
_e2017-9-5
_f2021-11-10
_g7
_lCCODEBUL1
_mBUL
_n4
_p3.34
_q3
_r0
_sY
_tBOOK
_u2015-8-24
_xINGENIERIA
_zUNKNOWN
_0COMPRA
_o.STAFF. Colección Ingeniería y Arquitectura
999 _a745.5 O67 PI
_wDEWEY
_c1
_i71866
_d2018-9-21
_f2021-11-10
_g7
_lCCODEBUL1
_mBUL
_p3.34
_q3
_r0
_sY
_tBOOK
_u2015-8-24
_xINGENIERIA
_zUNKNOWN
_0COMPRA
_o.STAFF. Colección General
999 _a745.5 O67 MU
_wDEWEY
_c1
_i71865
_d2018-9-21
_f2021-11-10
_g7
_lCCODEBUL1
_mBUL
_p3.34
_q3
_r0
_sY
_tBOOK
_u2015-8-24
_xINGENIERIA
_zUNKNOWN
_0COMPRA
_o.STAFF. Colección General
980 _81
_gALBERTO SANCHEZ Responsable de Automatización